| 000 | 00558nam a2200157Ia 4500 | ||
|---|---|---|---|
| 008 | 231217s9999 xx 000 0 und d | ||
| 020 | _a8178352389 | ||
| 041 | _aEnglish | ||
| 082 | _a378.155 RAM;1 R | ||
| 100 | _aRamesh Chandra ed. | ||
| 245 | 0 | _aUniversal education and technology in 21 century (in 11 volumes) Vol. 10 : virtual education and educational futures | |
| 260 |
_c2003 _bKalpaz _aNew Delhi |
||
| 300 | _aviii, 309 | ||
| 650 | _aUniversal,education,21,century,(in,11,volumes),Vol.,10,virtual,education,educational,futures | ||
| 942 | _cAA | ||
| 999 |
_c194055 _d194055 |
||